| 000 | 00787nam a2200217 a 4500 | ||
|---|---|---|---|
| 001 | BRCA_9102 | ||
| 005 | 20190320210525.0 | ||
| 008 | 051017s1765----it-#######---#000-0#lat-# | ||
| 041 | _alat | ||
| 044 | _ait | ||
| 084 |
_aBE243 _b.E53 1765 |
||
| 100 | 1 |
_aBaccone, Johannes de _922474 |
|
| 245 | 1 | 0 |
_aEnchiridion theologicum scholastico-dogmaticum juxta mentes Johannes de Baccone doctoris cognomento resoluti ad usum scholae ordenes carmelitarum _btomus secundus de deo uno et trino. |
| 260 |
_aRomae _bEx Typographia Hermatheniana _c1765 |
||
| 300 |
_a343 p. (t.2) _c18.5 x 12 cm |
||
| 500 | _aSuperiorum Facultate | ||
| 500 | _aEstado físico: presenta encuadernación en pergamino con presencia del pez de plata | ||
| 650 | 1 | 4 |
_aTeología _922475 |
| 902 | _aCFM | ||
| 942 |
_2lcc _cB |
||
| 999 |
_c8751 _d8751 |
||